000 01074cam a2200289 4500
001 J3065
008 090401t1995 xxu||||| |||| 00| 0 eng d
035 _a(Sirsi) u52767
041 _aeng
050 _a692.9
090 _aJCT 1995/12A
110 _aJoint Contracts Tribunal
_93664
245 _aSub-Contract Conditions for Sub-Contractors named under the Intermediate Form of Building Contract: (NAM/SC) 1984 edition ... Amendment 8 issued March 1995: Construction (Design and Management) Regulations 1994 (CDM Regulations).
260 _aLondon
_bRIBA Publications
_c1995
300 _a(4)p. ; 30cm.
350 _a0.4
650 _aAMENDMENT 8
650 _aBUILT ENVIRONMENT-BUILDING CONTRACT FORMS
650 _aCONSTRUCTION (DESIGN AND MANAGEMENT) REGULATIONS 1994
650 _aCONSTRUCTION (DESIGN AND MANAGEMENT) REGULATIONS 1994
650 _aJCT INTERMEDIATE FORM OF BUILDING CONTRACT (1984 EDITION)
650 _aNAM/SC
650 _aSUBCONTRACTS
690 _aBUILT ENVIRONMENT-BUILDING CONTRACT FORMS
942 _n0
948 _c04/03/1997
999 _c93160
_d93160